| 000 | 00394nam a2200145Ia 4500 | ||
|---|---|---|---|
| 005 | 20250701014135.0 | ||
| 008 | 240331s9999 xx 000 0 und d | ||
| 082 |
_bKIR _a891 |
||
| 100 | _aKiriella Ganawimala Himi | ||
| 245 | 0 | _aBuduguna alankaraya | |
| 260 |
_aColombo _bM.D.Gunasena Books & Co _c1981 |
||
| 300 | _a118 p ., | ||
| 500 | _aA book on Buddha's beauty with explanation | ||
| 942 | _cL | ||
| 999 |
_c4859 _d4859 |
||